Chiral Auxiliaries and Chirogenesis II (Record no. 15553)
[ view plain ]
| 000 -LEADER | |
|---|---|
| fixed length control field | 01195nam a2200133Ia 4500 |
| 008 - FIXED-LENGTH DATA ELEMENTS--GENERAL INFORMATION | |
| fixed length control field | 220615s9999||||xx |||||||||||||| ||und|| |
| 020 ## - INTERNATIONAL STANDARD BOOK NUMBER | |
| International Standard Book Number | 9783040000000 |
| 245 #0 - TITLE STATEMENT | |
| Title | Chiral Auxiliaries and Chirogenesis II |
| 546 ## - LANGUAGE NOTE | |
| Language note | English[eng] |
| 650 ## - SUBJECT ADDED ENTRY--TOPICAL TERM | |
| Topical term or geographic name entry element | pillar[5]arene||planar chirality||chiral resolution||racemization kinetics||supramolecular chemistry||self-induced diastereomeric anisochronism (SIDA)||enantiomeric analysis||molecular association||NMR||diffusion||molecular chirality||self-disproportionation of enantiomers (SDE)||indole||asymmetric synthesis||organocatalysis||transition-metal catalysis||C-N bond formation||enantioselective||heterocycles||porphyrinoids||multinuclear complexes||chiral ligands||circular dichroism||paramagnetic NMR||magnetochemistry||porphyrin||guanidine||host–guest binding||chirality||DFT||TD-DFT simulation||induced optical activity||stereodynamic chirality probe||exciton coupling||circularly polarized luminescence||sergeants-and-soldiers||majority-rule||polysilane||polyfluorenevinylene||polyfluorene||mirror symmetry breaking||parity violation||n/a |
| 700 ## - ADDED ENTRY--PERSONAL NAME | |
| Personal name | Borovkov, Victor |
| 856 ## - ELECTRONIC LOCATION AND ACCESS | |
| Uniform Resource Identifier | <a href="https://mdpi.com/books/pdfview/book/3950">https://mdpi.com/books/pdfview/book/3950</a> |
| 942 ## - ADDED ENTRY ELEMENTS (KOHA) | |
| Koha item type | E-Books |
| Withdrawn status | Lost status | Damaged status | Not for loan | Home library | Current library | Date acquired | Total Checkouts | Date last seen | Price effective from | Koha item type |
|---|---|---|---|---|---|---|---|---|---|---|
| Kerala University of Digital Sciences, Innovation and Technology Knowledge Centre | Kerala University of Digital Sciences, Innovation and Technology Knowledge Centre | 15/06/2022 | 15/06/2022 | 15/06/2022 | E-Books |